000 01096pam a2200301 a 4500
999 _c5242
_d5242
001 4961480
003 GZU
005 20210330114815.0
008 970227s1998 nyua b 001 0 eng c
010 _a 97010852
020 _a0443054533 (pbk.)
040 _aDNLM/DLC
_cDLC
_dDLC
050 1 0 _aRG101
_b.SYM 1998
100 1 _aSymonds, E. M.
_q(Edwin Malcolm)
_eauthor
245 1 0 _aEssential obstetrics and gynaecology /
_cE. Malcolm Symonds, Ian M. Symonds ; illustrated by Geoffrey Lyth and Patrick Elliot.
250 _a3rd ed.
260 _aNew York :
_bChurchill Livingstone,
_c1998.
300 _a323 p. :
_bill. (some col.) ;
_c25 cm.
504 _aIncludes bibliographical references and index.
650 0 _aGynecology.
650 0 _aObstetrics.
650 1 2 _aGenital Diseases, Female.
650 2 2 _aObstetrics.
700 1 _aSymonds, Ian M.
_eauthor
906 _a7
_bcbc
_corignew
_d1
_eocip
_f19
_gy-gencatlg
942 _2lcc
_cBK
_e3rd ed.
_h101
_iSYM
_kRG